000 00283nam a22001217a 4500
999 _c15737
_d15737
003 OSt
008 190925b ||||| |||| 00| 0 eng d
082 _a621.815
_bSUN/MA
100 _aSundararaja,T V
_94279
245 _aMachine Design
260 _bKhanna Publisher
_c1991
942 _cBK